[Event "TCh-RUS Major League 2017"]
[Site "Sochi RUS"]
[Date "2017.05.04"]
[Round "4.2"]
[Board "2"]
[White "Potapov, Pavel"]
[Black "Zhukova, Natalia"]
[Result "1/2-1/2"]
[WhiteTitle "GM"]
[BlackTitle "GM"]
[WhiteElo "2497"]
[BlackElo "2450"]
[WhiteTeam "Yamal YaNAO"]
[BlackTeam "Eggnog Moscow"]
[WhiteFideId "4169786"]
[BlackFideId "14101513"]
[EventDate "2017.05.01"]

1. e4 e6 2. Nf3 d5 3. Nc3 d4 4. Ne2 c5 5. c3 dxc3 6. Nxc3 Nc6 7. Bb5 Ne7 8. d4
cxd4 9. Nxd4 a6 10. Bxc6+ Nxc6 11. Nxc6 Qxd1+ 12. Kxd1 bxc6 13. e5 Bc5 14. Be3
Bxe3 15. fxe3 O-O 16. Kc2 c5 17. Rhd1 Bb7 18. g3 Bc6 19. Rd6 Rfc8 20. Rf1 Rab8
21. Rf4 h6 22. b3 Rc7 23. h4 Kh7 24. h5 Rb4 25. a3 Rb8 26. a4 a5 27. Rc4 Bf3 28.
Nb5 Rcc8 29. Na7 Rc7 30. Nb5 Rcc8 31. Na7 Rc7 1/2-1/2

[Event "TCh-RUS Major League 2017"]
[Site "Sochi RUS"]
[Date "2017.05.07"]
[Round "6.2"]
[Board "1"]
[White "Goryachkina, Aleksandra"]
[Black "Ponkratov, Pavel"]
[Result "0-1"]
[WhiteTitle "WGM"]
[BlackTitle "GM"]
[WhiteElo "2470"]
[BlackElo "2590"]
[WhiteTeam "Yamal YaNAO"]
[BlackTeam "Yuzhnyy Ural Chelyabinsk"]
[WhiteFideId "4147103"]
[BlackFideId "4157800"]
[EventDate "2017.05.01"]

1. d4 Nf6 2. c4 e6 3. Nc3 d5 4. cxd5 exd5 5. Bg5 Be6 6. e3 Nbd7 7. Bd3 h6 8. Bf4
Bb4 9. h3 c5 10. Ne2 c4 11. Bc2 O-O 12. O-O Nb6 13. a3 Be7 14. f3 Nh5 15. Bh2 f5
16. g4 fxg4 17. hxg4 Nf6 18. Be5 Nbd7 19. Nf4 Bf7 20. Ng6 Bxg6 21. Bxg6 Qb6 22.
Na4 Qc6 23. Bf5 b5 24. Nc3 a5 25. a4 b4 26. Nb5 b3 27. Rc1 Ra6 28. Qe2 g6 29.
Bb1 Rc8 30. Qh2 Qe6 31. g5 hxg5 32. Bxg6 Raa8 33. Rf2 Nf8 34. Bb1 Kf7 35. Re1
N8d7 36. Nc7 Rxc7 37. Bxc7 Bb4 38. Ree2 Rg8 39. Rg2 Qc6 40. e4 c3 41. bxc3 Bxc3
42. e5 Bxd4+ 43. Kf1 Re8 44. Qh6 Nxe5 45. Bxe5 Qc1+ 46. Re1 Qc4+ 47. Rge2 Rxe5
48. Qg6+ Ke7 49. Bd3 Qc3 50. Rxe5+ Bxe5 51. Qxg5 Qxd3+ 52. Kg2 Qc2+ 53. Kf1 b2
54. Qxe5+ Kf7 55. Qe6+ Kg6 56. Qb6 d4 57. f4 Qd3+ 58. Kf2 Qd2+ 59. Kf1 Qxf4+ 60.
Kg1 Qg3+ 61. Kf1 Qc3 62. Kf2 Qc2+ 63. Kf3 Qc1 64. Kf2 Qd2+ 65. Kf1 d3 66. Qg1+
Kh6 67. Qh1+ Kg5 68. Qg1+ Ng4 69. Qg3 Qf4+ 70. Qxf4+ Kxf4 71. Rb1 Ne3+ 72. Ke1
Nc4 73. Kf2 Ke4 0-1